000 01552cam a2200373 a 4500
999 _c529684
_d529684
001 3074006
003 NUST
005 20191001142317.0
008 970718s1997 dcua bs f000 0 eng
010 _a 97066617
020 _z030960125
035 _a(OCoLC)37149868
038 _aMSOHAIL
040 _aDLC
_cDLC
_dISkPCA
_dODaU
_dOCoLC
_dDLC
042 _alccopycat
043 _an-us---
050 0 0 _aHE206.2
_b.P65 1997
082 0 0 _a354.762350973
_221
100 1 _aPoister, Theodore H.
_921830
245 1 0 _aPerformance measurement in state departments of transportation /
_cTheodore H. Poister.
260 _aWashington, D.C. :
_bTransportation Research Board, National Research Council,
_c1997.
300 _a69 p. :
_bill. ;
_c28 cm.
440 0 _aSynthesis of highway practice,
_x0547-5570 ;
_v238
_922173
500 _aAt head of title: National Cooperative Highway Research Program.
504 _aIncludes bibliographical references (p. 51-53).
650 0 _aTransportation and state
_zUnited States.
_921430
650 0 _aState transportation agencies
_zUnited States
_xStates
_xManagement
_xEvaluation.
_922174
650 0 _aOrganizational effectiveness
_zUnited States
_xStates
_xMeasurement.
_922175
710 2 _aNational Cooperative Highway Research Program.
_920864
710 2 _aNational Research Council (U.S.).
_bTransportation Research Board.
_922176
906 _a7
_bcbc
_ccopycat
_d2
_eopcn
_f19
_gy-gencatlg
942 _2ddc
_cBK